[Event "Cairo-A"]
[Site "Cairo"]
[Date "1997.??.??"]
[Round "9"]
[White "El Ghazali, Youssef M"]
[Black "Novikov, Igor A"]
[Result "1/2-1/2"]
[WhiteElo "2275"]
[BlackElo "2580"]

1.Nf3 d5 2.g3 c6 3.Bg2 Bg4 4.b3 Nd7 5.Bb2 e6 6.O-O Ngf6 7.c4 Bd6 8.Na3 O-O
9.Nc2 a5 10.d3 Re8 11.Rb1 e5 12.cxd5 Nxd5 13.a3 Bf8 14.e4 Nc7 15.Ne3 Bxf3
16.Bxf3 Nc5 17.Be2 Nb5 18.f4 exf4 19.gxf4 Nd4 20.Ng4 Nxe2+ 21.Qxe2 Qxd3 22.Nh6+ Kh8
23.Nxf7+ Kg8 24.Nh6+ Kh8 25.Nf7+  1/2-1/2

[Event "Goodricke op"]
[Site "Calcutta"]
[Date "1997.??.??"]
[Round "3"]
[White "Lauterbach, Ingrid"]
[Black "Mamedova, Rena"]
[Result "1/2-1/2"]
[WhiteElo "2125"]
[BlackElo "2220"]

1.Nf3 d5 2.g3 c6 3.Bg2 Bg4 4.h3 Bh5 5.O-O Nd7 6.d4 e6 7.b3 Bxf3 8.Bxf3 f5
9.c4 Ngf6 10.Bg2 Bd6 11.cxd5 exd5 12.Bg5 O-O 13.e3 Qc7 14.Bxf6 Rxf6 15.Nd2 Raf8
16.Rc1 Qd8 17.Nf3 Qe7 18.Rc2 Rh6 19.Qe2 g5 20.Ne1 Re6 21.Qd1 Nf6 22.Nd3 Ne4
23.g4 f4 24.exf4 Bxf4 25.Nc5 Nxc5 26.dxc5 Bb8 27.Qd2 Qc7 28.Re1 Qh2+ 29.Kf1 Bf4
30.Qc3 Ref6 31.Ree2 Bg3 32.Qe3 Bh4 33.b4  1/2-1/2

[Event "Goodricke op"]
[Site "Calcutta"]
[Date "1997.??.??"]
[Round "4"]
[White "Girinath, PDS."]
[Black "Gokhale, CS."]
[Result "1-0"]
[WhiteElo "2280"]
[BlackElo "2360"]

1.Nf3 d5 2.g3 c5 3.Bg2 Nc6 4.d3 g6 5.Nbd2 Bg7 6.O-O e6 7.e4 Nge7 8.Re1 O-O
9.c3 Qc7 10.Qe2 dxe4 11.dxe4 e5 12.Nf1 h6 13.Nh4 Be6 14.f4 Rad8 15.Qf2 exf4
16.gxf4 Qd7 17.Ng3 Bg4 18.Bf1 Bf6 19.Ng2 h5 20.e5 Bg7 21.Qxc5 Bh3 22.Ne4 Nf5
23.Qf2 Qe7 24.Ng5 Bxg2 25.Bxg2 Rfe8 26.Nf3 f6 27.exf6 Qxf6 28.Rxe8+ Rxe8
29.Bd2 Nd6 30.Ng5 Bh6 31.Re1 Rxe1+ 32.Qxe1 Bxg5 33.fxg5 Qf5 34.c4 Qc5+ 35.Kh1 Qxc4
36.Bc3 Nd4 37.Qe5 Qd3 38.Qxd4  1-0

[Event "Goodricke op"]
[Site "Calcutta"]
[Date "1997.??.??"]
[Round "4"]
[White "Ganguly, Surya Shekhar"]
[Black "Sanjoy, Bhattacharya"]
[Result "1/2-1/2"]
[WhiteElo "2265"]
[BlackElo "2170"]

1.Nf3 d5 2.g3 Bg4 3.Ne5 Bf5 4.d4 Nd7 5.Bg2 c6 6.O-O Ngf6 7.c4 e6 8.Nc3 Be7
9.h3 h6 10.b3 O-O 11.Bb2 a5 12.Kh2 Qc7 13.f4 Bb4 14.Nxd7 Nxd7 15.Nb1 Be7
16.Nc3 Bb4 17.Nb1 Be7 18.Nd2 Nf6 19.a3 Rfd8 20.Qb1 Qb6  1/2-1/2

[Event "Goodricke op"]
[Site "Calcutta"]
[Date "1997.??.??"]
[Round "8"]
[White "Kunte, Abhijit"]
[Black "Dongre, Ravindra Malidh"]
[Result "1/2-1/2"]
[WhiteElo "2315"]
[BlackElo "2205"]

1.Nf3 d5 2.g3 c5 3.Bg2 Nc6 4.O-O Nf6 5.d3 g6 6.Nbd2 Bg7 7.e4 dxe4 8.Nxe4 Nxe4
9.dxe4 Qxd1 10.Rxd1 Bg4 11.Rf1 Nb4 12.c3 Nd3 13.h3 Be6 14.Be3 b6 15.Rfb1 O-O
16.Ne1 Ne5 17.b3 c4 18.Bd4 cxb3 19.axb3 Nc6 20.Bxg7 Kxg7 21.Nd3 Rad8 22.Nf4 Bc8
23.b4 Rd7 24.c4 Ne5 25.c5 e6 26.Rc1 Rc7 27.Ne2 Nd3 28.Rc3 Nxb4 29.cxb6 Re7
30.Rxa7 Rb7 31.Rxb7 Bxb7 32.Nd4 Rb8 33.Rc4 Na6 34.Nb5 Ba8 35.Nc7 Nxc7 36.bxc7 Rc8
37.e5 Bxg2 38.Kxg2 Kf8 39.h4 Ke7 40.h5 Kd7 41.h6 Rxc7 42.Rxc7+ Kxc7 43.Kf3 Kd7
44.Ke4 Ke7 45.Kd4 Kd7 46.Kc5 Kc7 47.Kd4 Kd7 48.Ke4 Ke7 49.Kf4 f5 50.Ke3 Kd7
51.Kd4 Kc6 52.Kc4 Kb6 53.Kb4 Kc6 54.Kc4 g5 55.f3 Kb6 56.Kb4  1/2-1/2

[Event "Goodricke op"]
[Site "Calcutta"]
[Date "1997.??.??"]
[Round "9"]
[White "Parameswaran, Tiruchi N"]
[Black "Suvrajit, Saha"]
[Result "1-0"]
[WhiteElo "2400"]
[BlackElo "2295"]

1.Nf3 d5 2.g3 c6 3.Bg2 Nf6 4.O-O Bg4 5.d3 Nbd7 6.Nbd2 Qc7 7.e4 dxe4 8.dxe4 e5
9.Qe2 Be7 10.b3 O-O 11.h3 Bxf3 12.Nxf3 Rfe8 13.Bb2 Rf8 14.Kh2 Nc5 15.Nh4 Ne6
16.Rad1 Rad8 17.Rxd8 Rxd8 18.Nf3 Nd7 19.h4 Bc5 20.Rd1 Qb6 21.Bh3 Ndf8 22.Bxe6 Nxe6
23.Rxd8+ Nxd8 24.Nxe5 Bxf2 25.Nc4 Bg1+ 26.Kg2 Qc5 27.b4 Qxb4 28.Kxg1 Ne6
29.a3 Qc5+ 30.Kg2 b5 31.Ne5 f6 32.Nd7 Qe7 33.Qd3 Kf7 34.e5 f5 35.Qxf5+ Ke8
36.Nb8 c5 37.Kh2 Nf8 38.Nc6  1-0

[Event "Calimanesti op"]
[Site "Calimanesti"]
[Date "1997.??.??"]
[Round "?"]
[White "Badea, Bela"]
[Black "Danilov, Vladimir"]
[Result "1-0"]
[WhiteElo "2535"]
[BlackElo "2340"]

1.Nf3 d5 2.g3 Nf6 3.Bg2 e6 4.O-O Nbd7 5.c4 c6 6.b3 Be7 7.Bb2 O-O 8.Qc2 b6
9.d3 Bb7 10.e4 dxe4 11.dxe4 Qc7 12.e5 Ng4 13.Qe2 c5 14.Nbd2 Rad8 15.h3 Nh6
16.g4 Kh8 17.Ne4 Ng8 18.Rad1 Nb8 19.Nd6 Bc6 20.Rd3 Bxd6 21.exd6 Qb7 22.g5 Nd7
23.Nh4 Bxg2 24.Nxg2 e5 25.f4 e4 26.Rd5 Rfe8 27.Ne3 f6 28.h4 Nf8 29.f5 Qf7
30.Rf4 Rd7  1-0

[Event "Cannes op 18th"]
[Site "Cannes"]
[Date "1997.??.??"]
[Round "2"]
[White "Markowski, Tomasz"]
[Black "Mednis, Edmar John"]
[Result "1/2-1/2"]
[WhiteElo "2510"]
[BlackElo "2400"]

1.g3 d5 2.Nf3 c6 3.Bg2 Nf6 4.O-O Bg4 5.d3 Nbd7 6.c4 e6 7.cxd5 cxd5 8.Nc3 Be7
9.h3 Bxf3 10.Bxf3 Ne5 11.Bg2 O-O 12.f4 Nc6 13.e4 d4 14.Ne2 e5 15.Kh1 Nd7
16.Ng1 Rc8 17.Nf3 Qb6 18.Rf2 Qb5 19.f5 Rc7 20.Bf1 Rfc8 21.Ne1 Nb4 22.b3 Qa6
23.a3 Nc6 24.Bd2 b5 25.h4 b4 26.a4 Na5 27.Rb1 Nb7 28.Rh2 Rc3 29.g4 Qc6 30.g5 a5
31.Qg4 Nbc5 32.f6 Bf8 33.fxg7 Bxg7 34.Bh3 Rd8 35.Bxc3 bxc3 36.Qf3 Nf8 37.Rf2 Qc7
38.Nc2 Ng6 39.Qg3  1/2-1/2

[Event "Cannes op 18th"]
[Site "Cannes"]
[Date "1997.??.??"]
[Round "4"]
[White "Bukal, Vladimir Sr"]
[Black "Pavasovic, Dusko"]
[Result "1/2-1/2"]
[WhiteElo "2395"]
[BlackElo "2460"]

1.Nf3 d5 2.g3 c6 3.Bg2 Bg4 4.O-O Nd7 5.d3 Ngf6 6.Nbd2 e5 7.e4 dxe4 8.dxe4 Be7
9.h3 Bh5 10.Qe1 O-O 11.Nh4 Re8 12.Nf5 Bf8 13.Nc4 Qc7 14.Bd2 b6 15.f4 b5 16.fxe5 Nxe5
17.Nxe5 Qxe5 18.Bc3 Qe6 19.Bxf6 gxf6 20.Kh2 Rad8 21.Qf2 Qe5 22.c3 Rd3 23.Qf4 Bg6
24.Qxe5 fxe5 25.Rad1 Red8 26.Rxd3 Rxd3 27.Rf2 Bc5 28.Rc2 f6 29.Bf1 Rd8 30.b4 Bf8
31.Kg2 Bf7 32.Be2 a5 33.a3 Bb3 34.Rb2 a4 35.Kf3 Be6  1/2-1/2

[Event "Cannes op-B 18th"]
[Site "Cannes"]
[Date "1997.??.??"]
[Round "5"]
[White "Habibi, Ali"]
[Black "Laruelle, Joel"]
[Result "1-0"]
[WhiteElo "2345"]
[BlackElo "2085"]

1.Nf3 d5 2.g3 Bg4 3.Bg2 c6 4.d3 Nd7 5.Nbd2 e6 6.O-O Bd6 7.b3 f5 8.Bb2 Ngf6
9.Qe1 Qe7 10.e4 fxe4 11.dxe4 Bxf3 12.Bxf3 Be5 13.c3 O-O 14.Qe2 Rfe8 15.Bg2 Rad8
16.Kh1 Nf8 17.f4 Bc7 18.e5 N6d7 19.Nf3 Bb6 20.Nd4 a6 21.Rad1 c5 22.Nf3 Nb8
23.Rd2 Nc6 24.Rfd1 Qc7 25.Qd3 Ba5 26.Re2 g6 27.Qc2 Rc8 28.a3 Ne7 29.c4 d4
30.Ng5 Nf5 31.Bc1 h5 32.Ne4 Nh7 33.Rd3 b5 34.Bf3 b4 35.a4 Qf7 36.h3 Bc7 37.Bg2 Bb8
38.Qd1 a5 39.Qe1 Rc7 40.g4 hxg4 41.hxg4 Ng7 42.Nd6 Qf8 43.Rh3 Rd8 44.Qh4  1-0

[Event "Cannes op-B 18th"]
[Site "Cannes"]
[Date "1997.??.??"]
[Round "5"]
[White "Jurkovic, Ante"]
[Black "Wagman, Stuart"]
[Result "1-0"]
[WhiteElo "2320"]
[BlackElo "2195"]

1.Nf3 d5 2.g3 c6 3.Bg2 Nf6 4.d3 Bg4 5.h3 Bxf3 6.Bxf3 e6 7.O-O Bd6 8.Nd2 Qc7
9.e4 Nbd7 10.d4 dxe4 11.Nxe4 Nxe4 12.Bxe4 Nf6 13.Bg2 O-O 14.Bg5 Be7 15.Qe2 Rfd8
16.c3 Nd5 17.Bxe7 Nxe7 18.Rfe1 Ng6 19.h4 Nf8 20.Qh5 Qb6 21.Re2 Rac8 22.b4 Qa6
23.a4 Qc4 24.Re3 b6 25.Bf1 Qd5 26.Qe2 a5 27.Rb1 axb4 28.Rxb4 Qa5 29.Qb2 c5
30.Rxb6 Qxa4 31.Ra6 Qd7 32.dxc5 Rxc5 33.c4 Qc7 34.Rb6 Rd1 35.Rb7 Qc6 36.Rb6 Qc7
37.Rf3 f6 38.Kg2 e5 39.Be2 Rd7 40.Rfb3 Rc6 41.Rb7 Qd6 42.R3b5 Rxb7 43.Rxb7 Rc8
44.Qb5 Ne6 45.Rb6 Qe7 46.Qd5  1-0

[Event "Cannes op-B 18th"]
[Site "Cannes"]
[Date "1997.??.??"]
[Round "6"]
[White "Rene, Benoit"]
[Black "Voiska, Margarita"]
[Result "1/2-1/2"]
[WhiteElo "2235"]
[BlackElo "2290"]

1.Nf3 d5 2.g3 c6 3.Bg2 Bg4 4.O-O Nd7 5.d3 e5 6.e4 dxe4 7.dxe4 Ngf6 8.Nbd2 Be7
9.h3 Bh5 10.b3 O-O 11.Bb2 Re8 12.Qe1 Bf8 13.a3 Qc7 14.Nh4 Rad8 15.Nf5 Bg6
16.Qe2 Nc5 17.Rad1 b5 18.Kh1 Nfd7 19.h4 f6 20.Qg4 Kh8 21.Nf3 Nb6 22.h5 Bf7
23.N3h4 Rxd1 24.Rxd1 Rd8 25.Rxd8 Qxd8 26.Ng6+ hxg6 27.hxg6 Bxg6 28.Qxg6 Qd1+
29.Kh2 Qxc2 30.Qh5+ Kg8 31.Qg6 Kh8 32.Qh5+  1/2-1/2

[Event "Cannes op 18th"]
[Site "Cannes"]
[Date "1997.??.??"]
[Round "7"]
[White "Giffard, Nicolas"]
[Black "Neiman, Emmanuel"]
[Result "1-0"]
[WhiteElo "2405"]
[BlackElo "2350"]

1.Nf3 d5 2.g3 c5 3.Bg2 Nc6 4.d4 Nf6 5.O-O e6 6.c4 dxc4 7.Na3 cxd4 8.Nxc4 Be7
9.Bf4 O-O 10.Nce5 Nxe5 11.Nxe5 Nd5 12.Qxd4 Nxf4 13.Qxf4 Bf6 14.Nc4 Qe7 15.Rad1 Qc5
16.b3 a5 17.Qd6 Qh5 18.Bf3 Qf5 19.Nb6 Ra6 20.Qc7 e5 21.Bxb7 Bxb7 22.Qxb7 Rxb6
23.Qxb6 h5 24.Qxa5 h4 25.Qd5 h3 26.a4 Qg4 27.Qf3 Qb4 28.g4 Bg5 29.Qxh3 g6
30.Qg3 Bf4 31.Qf3 Kg7 32.h3 g5 33.Qd5 Rh8 34.Kg2 Rc8 35.e3 Rc5 36.Qd3 Rc3
37.Qe2 Qb7+ 38.Kg1 Qe4 39.Rfe1 Qh7 40.Qf1 e4 41.exf4 Rxh3 42.Qg2  1-0

[Event "Cannes op-B 18th"]
[Site "Cannes"]
[Date "1997.??.??"]
[Round "7"]
[White "Weindl, Alfred"]
[Black "Peric, S."]
[Result "1/2-1/2"]
[WhiteElo "2335"]
[BlackElo "2260"]

1.Nf3 d5 2.g3 Nf6 3.Bg2 Bg4 4.O-O c6 5.d3 Nbd7 6.Nbd2 e6 7.e4 Ne5 8.Qe1 Nxf3+
9.Nxf3 Bxf3 10.Bxf3 Be7 11.Qe2 O-O 12.Bg2 Qb6 13.Kh1 dxe4 14.dxe4 Rfd8 15.e5 Nd7
16.f4 Nf8 17.g4 Re8 18.Be4 Rad8 19.c3 a6 20.a4 a5 21.f5 Nd7 22.fxe6 fxe6
23.Be3 Qc7 24.Qc2 Nf8 25.Bf4 Rd7 26.Rf3 Qd8  1/2-1/2

[Event "Cannes op 18th"]
[Site "Cannes"]
[Date "1997.??.??"]
[Round "8"]
[White "Markowski, Tomasz"]
[Black "Pavasovic, Dusko"]
[Result "1-0"]
[WhiteElo "2510"]
[BlackElo "2460"]

1.g3 d5 2.Nf3 Bg4 3.Bg2 Nd7 4.d4 e6 5.O-O Ngf6 6.Nbd2 Bd6 7.Re1 O-O 8.e4 dxe4
9.Nxe4 Nxe4 10.Rxe4 Nf6 11.Re1 c5 12.dxc5 Bxc5 13.Qxd8 Rfxd8 14.Ne5 Rab8
15.Bf4 Bd6 16.Nxg4 Nxg4 17.Bxd6 Rxd6 18.Rad1 Rbd8 19.Rxd6 Rxd6 20.Bxb7 Rd2
21.Bf3 Nxf2 22.Re2 Rxe2 23.Bxe2 Ne4 24.Bf3 Nd2 25.Be2 Ne4 26.Bd3 Nc5 27.Bb5 Kf8
28.Kf2 Ke7 29.Ke3 f5 30.b4 Ne4 31.Bc6 Nf6 32.Bf3 e5 33.c4 g5 34.a4 h5 35.a5 Ng4+
36.Kd2 e4 37.Bxg4 hxg4 38.Ke3 Kd6 39.Kd4 Kc6 40.b5+ Kc7 41.c5 a6 42.bxa6 Kc6
43.a7 Kb7 44.c6+ Kxa7 45.Ke5 e3 46.c7 e2 47.c8=Q e1=Q+ 48.Kxf5 Qxa5+ 49.Kxg4 Qb4+
50.Kh5 Qd2 51.Qc7+ Ka8 52.Qc6+ Ka7 53.Qc5+ Ka8 54.Qf8+ Ka7 55.Qe7+ Ka8 56.Qe4+ Ka7
57.h3 Qd7 58.g4 Qd8 59.Qe3+ Kb8 60.Qe5+ Ka8 61.Qxg5 Qh8+ 62.Qh6 Qe8+ 63.Kg5 Qe3+
64.Kg6 Qe6+ 65.Kh7 Qd7+ 66.Kg8 Qd5+ 67.Kg7 Qd7+ 68.Kg6 Qe6+ 69.Kh7 Qd7+ 70.Qg7 Qd3+
71.Kg8 Qxh3 72.g5 Qg4 73.g6 Qg5 74.Qf7 Qh5 75.g7 Qg4 76.Qd5+ Kb8 77.Kf7 Qf4+
78.Ke8 Qa4+ 79.Ke7 Qh4+ 80.Kf7 Qf4+ 81.Kg6 Qg4+ 82.Kf6 Qf4+ 83.Qf5 Qd6+ 84.Kg5 Qg3+
85.Kh6 Qh2+ 86.Kg6 Qg3+ 87.Qg5 Qd3+ 88.Kh6 Qd6+ 89.Kh7 Qd3+ 90.Kg8 Qb3+ 91.Kf8 Qb4+
92.Qe7 Qf4+ 93.Qf7 Qb4+ 94.Kg8 Qg4 95.Qe8+ Ka7 96.Kf8  1-0

[Event "Cannes op-B 18th"]
[Site "Cannes"]
[Date "1997.??.??"]
[Round "9"]
[White "Weindl, Alfred"]
[Black "Rosandic, Denis"]
[Result "1-0"]
[WhiteElo "2335"]
[BlackElo "2280"]

1.Nf3 d5 2.g3 c6 3.Bg2 Bg4 4.O-O Nd7 5.d3 e5 6.e4 Bd6 7.exd5 cxd5 8.c4 Ngf6
9.cxd5 Nxd5 10.Qb3 N5b6 11.Bg5 Be7 12.Bxe7 Qxe7 13.d4 O-O 14.a4 Nc8 15.Re1 Qd6
16.Qa3 Qf6 17.Nfd2 Rb8 18.Nc3 Nd6 19.Nd5 Qh6 20.Qb4 f5 21.f4 Rfe8 22.Nc7 Rec8
23.Rac1 exf4 24.Bd5+ Kh8 25.Re6 Nf6 26.Qxd6 fxg3 27.hxg3 Qxd2 28.Rce1 Nxd5  1-0

[Event "Cappelle op"]
[Site "Cappelle la Grande"]
[Date "1997.??.??"]
[Round "2"]
[White "Baklan, Vladimir"]
[Black "Raetsky, Alexander"]
[Result "1-0"]
[WhiteElo "2530"]
[BlackElo "2440"]

1.Nf3 d5 2.g3 Nc6 3.d4 Bg4 4.Bg2 Qd7 5.Bf4 f6 6.c4 dxc4 7.d5 Nb4 8.Nc3 O-O-O
9.O-O e5 10.dxe6 Bxe6 11.Qc1 Bc5 12.b3 Ne7 13.Ne4 Bb6 14.bxc4 Bh3 15.Bxh3 Qxh3
16.Rb1 Qe6 17.Nfd2 g5 18.Bxc7 Bxc7 19.Rxb4 Nc6 20.Rxb7 Nd4 21.Qa3 Nxe2+ 22.Kh1 Qc6
23.Rfb1 Rxd2 24.Rxc7+ Qxc7 25.Qa6+ Kd7 26.Rb7 Rd1+ 27.Kg2 g4 28.Nc5+ Ke8
29.Qe6+  1-0

[Event "Cappelle op"]
[Site "Cappelle la Grande"]
[Date "1997.??.??"]
[Round "2"]
[White "Troyke, Christian"]
[Black "Magomedov, Magaram"]
[Result "1-0"]
[WhiteElo "2380"]
[BlackElo "2505"]

1.g3 d5 2.Nf3 Nf6 3.Bg2 c5 4.O-O Nc6 5.c4 e6 6.d4 Be7 7.cxd5 exd5 8.Nc3 O-O
9.Bg5 cxd4 10.Nxd4 h6 11.Be3 Re8 12.Rc1 Bg4 13.h3 Be6 14.Na4 Qd7 15.Nxc6 bxc6
16.Kh2 Bf5 17.Nc5 Bxc5 18.Bxc5 Ne4 19.e3 Rab8 20.b3 a5 21.Qd4 h5 22.Ba3 Re6
23.f3 Nd6 24.Rfd1 Bg6 25.e4 Nb5 26.Qc5 Nxa3 27.Qxa3 h4 28.exd5 hxg3+ 29.Kxg3 cxd5
30.Qc5 Rd8 31.Rd4 Re2 32.Rcd1 Qb7 33.Rxd5 Qb8+ 34.f4 Rde8 35.Bf3 Rxa2 36.Rd6 Bc2
37.Rb6 Qa7 38.Rc1 Bxb3 39.Rxb3 Qd7 40.Ra3 Rd2 41.Rxa5 Rd6 42.Qc7 Rg6+ 43.Rg5 Qd3
44.Rd1 Qf5 45.Rd5 Qb1 46.Qc5 Rf6 47.Qd4 Qe1+ 48.Kh2 Ree6 49.Rde5 Rxe5 50.Rxe5 Qf1
51.Qd8+ Kh7 52.Be4+  1-0

[Event "Cappelle op"]
[Site "Cappelle la Grande"]
[Date "1997.??.??"]
[Round "3"]
[White "Arakhamia, Ketevan"]
[Black "Marcelin, Cyril"]
[Result "0-1"]
[WhiteElo "2490"]
[BlackElo "2300"]

1.Nf3 d5 2.g3 c6 3.Bg2 Nf6 4.O-O Bg4 5.b3 Nbd7 6.Bb2 e6 7.d3 Be7 8.Nbd2 O-O
9.c4 a5 10.a3 Qb8 11.Rc1 Rc8 12.h3 Bh5 13.e4 Nc5 14.Qc2 dxe4 15.Nxe4 Nfxe4
16.dxe4 Bxf3 17.Bxf3 Rd8 18.Rcd1 Qc7 19.b4 axb4 20.axb4 Na4 21.Rxd8+ Qxd8
22.Ba3 Nb6 23.Rd1 Qf8 24.Rd3 Bxb4 25.c5 Rxa3 26.cxb6 Rxd3 27.Qxd3 Qd6 28.Qb3 Bc5
29.Kf1 Qd8 30.h4 Qxb6 31.Qa2 Qa7 32.Qd2 Qa1+ 33.Kg2 Qd4 34.Qa2 Ba7 35.h5 h6
36.e5 Kf8 37.Qa3+ Ke8 38.Qa2 Kd7 39.Qe2 Bb8 40.Qc2 Bxe5  0-1

[Event "Ceske Budejovice op"]
[Site "Ceske Budejovice"]
[Date "1997.??.??"]
[Round "4"]
[White "Sergeev, Vladimir"]
[Black "Kucera, Petr"]
[Result "1-0"]
[WhiteElo "2455"]
[BlackElo "2365"]

1.Nf3 d5 2.g3 Nf6 3.Bg2 Bf5 4.O-O e6 5.b3 h6 6.Bb2 Be7 7.d3 O-O 8.Nbd2 c6
9.c4 a5 10.a3 Na6 11.Ra2 Nc5 12.Bd4 Nfd7 13.Qa1 Bf6 14.b4 axb4 15.axb4 Rxa2
16.Qxa2 Na6 17.Rb1 Nc7 18.b5 cxb5 19.cxd5 exd5 20.Nb3 Bg4 21.Bxf6 Qxf6 22.Nbd4 Ra8
23.Qb2 Ra4 24.Qc2 Bxf3 25.Bxf3 Rxd4 26.Qxc7 Ne5 27.Bh1 Ng4 28.Bf3 Ne5 29.Bg2 Ng4
30.Rf1 Qc6 31.Qxc6 bxc6 32.Rc1 Rb4 33.h3 Nf6 34.f4 g5 35.Rxc6 Kg7 36.fxg5 hxg5
37.Rc5 Rb2 38.Kf2 Kg6 39.Bxd5 Nxd5 40.Rxd5 f5 41.Rd6+ Kf7 42.Rb6 b4 43.h4 gxh4
44.gxh4 b3 45.Ke3 Rb1 46.h5 b2 47.h6 f4+ 48.Kd4 Kg8 49.Rb7 Kh8 50.h7 f3 51.exf3 Rf1
52.Rxb2 Rxf3 53.Rh2 Rf8 54.Rh4 Rd8+ 55.Kc4 Rc8+ 56.Kb5 Rd8 57.d4 Rb8+ 58.Kc5 Rc8+
59.Kd5 Rd8+ 60.Ke6  1-0

[Event "USA-ch (Women)"]
[Site "Chandler"]
[Date "1997.??.??"]
[Round "7"]
[White "Jezierska, Ivona"]
[Black "Frenklakh, Jennie"]
[Result "1-0"]
[WhiteElo "2085"]
[BlackElo "2135"]

1.Nf3 d5 2.g3 Nf6 3.Bg2 Bf5 4.d3 e6 5.Nbd2 Be7 6.O-O c5 7.c3 Nc6 8.Re1 h6
9.Nh4 Bh7 10.e4 dxe4 11.dxe4 g5 12.e5 Nd7 13.Nhf3 g4 14.Nc4 gxf3 15.Qxf3 Nb6
16.Nd6+ Bxd6 17.exd6 Qxd6 18.Qf6 Rg8 19.Qxh6 Bf5 20.Bg5 Nd7 21.Rad1 Qf8 22.Qh5 Qg7
23.h4 Qh7 24.Qe2 f6 25.Bf4 e5 26.Qb5 Rb8 27.a4 a6 28.Qc4 Qf7 29.Bd5 Qg7 30.Bxg8 Ne7
31.Be6 Nb6 32.Qxc5 Bxe6 33.Qxb6 Bg4 34.Qd6 Rc8 35.Rd2 exf4 36.Qxf4 Kf8 37.Qd6 Re8
38.Rd4 Bf3 39.Rf4 Bc6 40.Rxf6+ Kg8 41.Re5 Qh7 42.Rg5+ Kh8 43.Rh6 Ng6 44.Rxh7+ Kxh7
45.Qc7+ Re7 46.Qxe7+ Nxe7 47.a5 Bb5 48.Kg2 Nc6 49.b4 Ne7 50.Kh3 Bc4 51.Rc5 Be6+
52.g4 Nc6 53.f4  1-0

[Event "USA-ch (Women)"]
[Site "Chandler"]
[Date "1997.??.??"]
[Round "9"]
[White "Jezierska, Ivona"]
[Black "Zitserman, Tatyana"]
[Result "1-0"]
[WhiteElo "2075"]
[BlackElo "2125"]

1.Nf3 d5 2.g3 c5 3.Bg2 Nc6 4.d3 Nf6 5.Nbd2 e6 6.O-O Be7 7.e4 Qc7 8.Re1 b6
9.Qe2 Bb7 10.e5 Nd7 11.c3 O-O-O 12.Nf1 h6 13.d4 g5 14.Be3 g4 15.N3d2 h5 16.f4 Rdg8
17.f5 exf5 18.Bf4 Qd8 19.e6 Nf8 20.exf7 Rg7 21.Be5 Bf6 22.Bxf6 Qxf6 23.Bxd5 Nd8
24.Bxb7+ Kxb7 25.Qg2+ Kb8 26.dxc5 Rxf7 27.Re8 Rhh7 28.Rae1 bxc5 29.Qd5 Rd7
30.Qxc5 Rhf7 31.Nc4 Rc7 32.Qb4+ Rb7 33.Qa5 Rfd7 34.Ne5 Rd6 35.Ne3 Ne6 36.N3c4 Rd2
37.Nc6+ Kc8 38.Nxd2 Qf7 39.Rxd8+ Nxd8 40.Qxd8+  1-0

[Event "Chemnitz op"]
[Site "Chemnitz"]
[Date "1997.??.??"]
[Round "9"]
[White "Markov, Jurij"]
[Black "Timoshchenko, Gennadi A"]
[Result "0-1"]
[WhiteElo "2415"]
[BlackElo "2540"]

1.Nf3 d5 2.g3 b6 3.Bg2 Bb7 4.O-O Nf6 5.c4 dxc4 6.Na3 g6 7.Nxc4 Bg7 8.b3 O-O
9.Bb2 c5 10.d3 Nc6 11.a3 b5 12.Nce5 Nxe5 13.Bxe5 Qb6 14.Qc2 Rac8 15.Qb2 Ne8
16.Rfc1 Bxe5 17.Qxe5 Qd6 18.Qb2 Ng7 19.Rd1 Ne6 20.Rac1 Rc7 21.h4 h5 22.e3 Rd8
23.Rd2 Qb6 24.Rcd1 Rcd7 25.Ne5 Rd6 26.f4 Ng7 27.Bxb7 Qxb7 28.b4 Qb6 29.bxc5 Qxc5
30.d4 Qd5 31.Qb1 Qb7 32.Qb3 e6 33.Kf2 Ne8 34.Rb2 Nf6 35.Qxb5 Rb6  0-1

[Event "Cherepovets"]
[Site "Cherepovets"]
[Date "1997.??.??"]
[Round "1"]
[White "Grechihin, Valery"]
[Black "Zhuravlev, Vladimir"]
[Result "1-0"]
[WhiteElo "2490"]
[BlackElo "2350"]

1.Nf3 d5 2.g3 c6 3.Bg2 Nf6 4.O-O Bf5 5.d3 e6 6.Nbd2 Be7 7.e3 O-O 8.Qe2 Bg6
9.Ne5 Nbd7 10.Nxg6 hxg6 11.e4 Qb6 12.e5 Nh7 13.h4 Rfe8 14.Nf3 Nhf8 15.Bh3 c5
16.c3 f6 17.Bf4 Rac8 18.Rfe1 f5 19.g4 Nh7 20.gxf5 gxf5 21.Kh2 Qd8 22.Rg1 Bxh4
23.Bh6 Be7 24.Bxg7 Kf7 25.Bxf5 Rh8 26.Bxe6+ Kxe6 27.Nd4+  1-0

[Event "Chicago op"]
[Site "Chicago"]
[Date "1997.??.??"]
[Round "2"]
[White "Manion, Josh"]
[Black "Kaidanov, Grigory S"]
[Result "0-1"]
[WhiteElo "2365"]
[BlackElo "2590"]

1.Nf3 d5 2.g3 c5 3.Bg2 Nc6 4.O-O e5 5.d3 Nf6 6.Nbd2 Be7 7.e4 O-O 8.exd5 Nxd5
9.Re1 f6 10.c3 Nc7 11.Nb3 a5 12.Be3 Na6 13.d4 cxd4 14.cxd4 e4 15.Nfd2 f5
16.Nc5 Nab4 17.a3 Nd5 18.Rc1 Kh8 19.Qb3 Bf6 20.Red1 a4 21.Nxa4 Nxe3 22.fxe3 Nxd4
23.exd4 Qxd4+ 24.Kh1 Qxa4 25.Qxa4 Rxa4 26.Nc4 Be6 27.b3 Ra6 28.a4 Rc8 29.Bf1 Rac6
30.Rb1 h5 31.Na5 Rc2 32.Bc4 Bxc4 33.Nxc4 Bg5 34.h4 Bh6 35.Rd7 f4 36.gxf4 Bxf4
37.Rxb7 Rh2+ 38.Kg1 Rxh4 39.a5 Rc5 40.Rb2 Rd5 41.Rg2 Rd1+ 42.Kf2 Rhh1 43.Rgxg7 Rhf1+  0-1

[Event "Ciego de Avila"]
[Site "Ciego de Avila"]
[Date "1997.??.??"]
[Round "12"]
[White "Paneque, Pedro"]
[Black "Montalvo, Alejandro"]
[Result "1-0"]
[WhiteElo "2345"]
[BlackElo "2230"]

1.g3 d5 2.Nf3 Nf6 3.Bg2 e6 4.O-O Be7 5.b3 O-O 6.c4 c6 7.d3 Nbd7 8.Bb2 b6
9.Nbd2 Bb7 10.Rc1 Rc8 11.Rc2 c5 12.e3 Ne8 13.Qe2 Bf6 14.cxd5 exd5 15.d4 Nd6
16.Rfc1 Qe7 17.Bh3 cxd4 18.Nxd4 Rxc2 19.Rxc2 Nc5 20.b4 Na4 21.Ba1 Nc4 22.Nf5 Qd8
23.Nxc4 Ba6 24.Qd1 Bxc4 25.Bxf6 Qxf6 26.Rxc4 dxc4 27.Qxa4 Qb2 28.Nd4 g6 29.Bf1 c3
30.Bd3 Rd8 31.b5 Rd6 32.Qc2 Rd5 33.Kg2 Rc5 34.g4 Kg7 35.h3 Qa3 36.Qb3 Qc1
37.Qa4 Qd2 38.Qc2 Qe1 39.Nb3  1-0

[Event "Corsica rap op"]
[Site "Corsica"]
[Date "1997.??.??"]
[Round "5"]
[White "Kasimdzhanov, Rustam"]
[Black "Flear, Christine"]
[Result "0-1"]
[WhiteElo "2545"]
[BlackElo "2230"]

1.Nf3 d5 2.g3 Nf6 3.Bg2 Bf5 4.b3 e6 5.Bb2 Be7 6.O-O O-O 7.d3 c5 8.Nbd2 Nc6
9.Nh4 Bg6 10.Nxg6 hxg6 11.e4 dxe4 12.dxe4 Qc7 13.Qe2 Rfd8 14.e5 Nd7 15.f4 Nd4
16.Qe4 Rab8 17.Nc4 b5 18.Ne3 Nb6 19.Rfd1 Rd7 20.c3 Nf5 21.Rxd7 Qxd7 22.Nf1 c4
23.Qe2 Bc5+ 24.Kh1 Rd8 25.Be4 a5 26.Re1 cxb3 27.axb3 a4 28.bxa4 Nxa4 29.Ba1 Nb6
30.Rb1 Nc4 31.Qa2 Nfe3 32.Nxe3 Nxe3 33.Qa6 Qd2  0-1

[Event "Corsica rap op"]
[Site "Corsica"]
[Date "1997.??.??"]
[Round "5"]
[White "Pigusov, Evgeny"]
[Black "Vaisman, Volodia"]
[Result "1-0"]
[WhiteElo "2560"]
[BlackElo "2380"]

1.Nf3 d5 2.g3 c6 3.Bg2 Bg4 4.c4 e6 5.cxd5 exd5 6.Qb3 Qb6 7.Qc2 Nd7 8.O-O Ngf6
9.d3 Bd6 10.Nc3 O-O 11.e4 Bxf3 12.Bxf3 d4 13.Ne2 a5 14.Bg2 a4 15.f4 Bc5 16.h3 Rfe8
17.Kh1 Qb5 18.g4 Nf8 19.Ng3 N6d7 20.Nf5 Ne6 21.Bd2 Bf8 22.g5 g6 23.Ng3 Nec5
24.Rf3 Ra6 25.h4 Rb6 26.Rb1 Na6 27.Bh3 Rd8 28.h5 Nb4 29.Bxb4 Qxb4 30.hxg6 hxg6
31.Bxd7 Rxd7 32.e5 Qc5 33.Qxc5 Bxc5 34.Ne4 Be7 35.Rh3 Rd8 36.Kg2 Kf8 37.Rh8+ Kg7
38.Rxd8 Bxd8 39.Kf3 Kf8 40.Rh1 Rxb2 41.Rh8+ Ke7 42.Nf6  1-0

[Event "Corsica rap op"]
[Site "Corsica"]
[Date "1997.??.??"]
[Round "5"]
[White "Filippov, Valerij"]
[Black "Korneev, Oleg"]
[Result "1/2-1/2"]
[WhiteElo "2535"]
[BlackElo "2565"]

1.Nf3 d5 2.g3 g6 3.Bg2 Bg7 4.d4 Nh6 5.c4 dxc4 6.e4 O-O 7.Nc3 c5 8.d5 Ng4
9.O-O Nd7 10.Nd2 Nge5 11.Qe2 Nb6 12.a4 a5 13.h3 e6 14.f4 Nd3 15.Nxc4 Nxc1
16.Raxc1 exd5 17.Nxd5 Nxc4 18.Rxc4 Be6 19.Kh2 Bxd5 20.exd5 Bd4 21.Rcc1 Qd7
22.Qc2 Rfe8 23.Rce1 Rad8 24.Qb3 Re7 25.Rxe7 Qxe7 26.f5 Be5 27.Rf3 Bd6 28.f6 Qd7
29.Qb6 h5 30.Kh1 Qc7 31.Qxc7 Bxc7 32.Re3 Kf8 33.g4 Re8 34.Be4 Be5 35.gxh5 gxh5  1/2-1/2

[Event "Corsica rap op"]
[Site "Corsica"]
[Date "1997.??.??"]
[Round "9"]
[White "Filippov, Valerij"]
[Black "Barsov, Alexei"]
[Result "1-0"]
[WhiteElo "2535"]
[BlackElo "2445"]

1.Nf3 d5 2.g3 c6 3.Bg2 Bg4 4.c4 e6 5.cxd5 exd5 6.Qb3 Qb6 7.Qc2 Nf6 8.O-O Nbd7
9.Nc3 Be7 10.d3 O-O 11.e4 Bh5 12.Nh4 dxe4 13.dxe4 Ne5 14.Nf5 Bd8 15.h3 Bf3
16.Be3 Qa6 17.Bxf3 Nxf3+ 18.Kg2 Ne5 19.Rad1 g6 20.Nh6+ Kg7 21.b3 Bb6 22.Bg5 Ned7
23.f4 Nc5 24.e5 Ne8 25.f5 f6 26.exf6+ Nxf6  1-0

[Event "Corsico op"]
[Site "Corsico"]
[Date "1997.??.??"]
[Round "3"]
[White "Rodighiero, Giuseppe"]
[Black "Ranieri, Fabrizio"]
[Result "1/2-1/2"]
[WhiteElo "2185"]
[BlackElo "2125"]

1.Nf3 d5 2.g3 Nf6 3.Bg2 e6 4.O-O Be7 5.d3 O-O 6.Nbd2 c5 7.e4 Nc6 8.c3 b5
9.Re1 Qb6 10.a4 bxa4 11.Qxa4 a5 12.exd5 Nxd5 13.Nc4  1/2-1/2

[Event "Cseppko op"]
[Site "Cseppko"]
[Date "1997.??.??"]
[Round "2"]
[White "Felegyhazi, Laszlo"]
[Black "Kovacs, Arthur"]
[Result "1/2-1/2"]
[WhiteElo "2310"]
[BlackElo "2160"]

1.Nf3 d5 2.g3 Nf6 3.Bg2 Bf5 4.c4 c6 5.cxd5 cxd5 6.O-O e6 7.d4 Nc6 8.Nc3 Bd6
9.Bf4 O-O 10.Ne5 Bxe5 11.Bxe5 Nxe5 12.dxe5 Nd7 13.e4 dxe4 14.Qd6 f6 15.exf6 Nxf6
16.Qb4 a5 17.Qa4 Qe8 18.Qd4 Qc6 19.Rac1 Rac8 20.h3 Qc5 21.Qd2 Rcd8 22.Qe2 e3
23.Qxe3 Qxe3 24.fxe3 Rd2 25.b3 b5 26.g4 Bg6 27.g5 b4 28.gxf6 bxc3 29.Rxc3 Rxa2
30.fxg7 Rxf1+ 31.Bxf1  1/2-1/2